[Event "Vojvodina op 9th"]
[Site "Novi Sad"]
[Date "2018.07.22"]
[Round "1"]
[White "Liu, Xi"]
[Black "Danchevski, Orce"]
[Result "0-1"]
[WhiteElo "2099"]
[BlackElo "2353"]
[PlyCount "120"]
[EventDate "2018.07.22"]
[EventType "swiss"]
[EventRounds "9"]
[EventCountry "YUG"]
[SourceTitle "CBM 185 Extra"]
[Source "ChessBase"]
[SourceDate "2018.07.29"]
[SourceVersion "1"]
[SourceVersionDate "2018.07.29"]
[SourceQuality "1"]

1. e4 c5 2. Nf3 d6 3. Bb5+ Bd7 4. Bxd7+ Qxd7 5. 0-0 Nc6 6. Re1 Nf6 7. c3 e6 8. d4 cxd4 9. cxd4 d5 10. e5 Ne4 11. a3 Be7 12. Qd3 Na5 13. Nbd2 Nxd2 14. Bxd2 Nc4 15. Bc1 a6 16. b3 Na5 17. Bd2 Qb5 18. Qxb5+ axb5 19. Reb1 Kd7 20. a4 b4 21. Kf1 Nc6 22. Ra2 Ra5 23. Rc2 Rha8 24. Rbc1 R8a6 25. Ke2 b5 26. axb5 Rxb5 27. Rb2 Rba5 28. Be3 Ra1 29. Rxa1 Rxa1 30. Kd3 f6 31. h3 Na7 32. Nd2 Nb5 33. Nb1 Na3 34. Nd2 Rc1 35. Nf3 Rc3+ 36. Ke2 Rc6 37. Kd3 Nb5 38. Rb1 Nc3 39. Rc1 Ra6 40. Nd2 Ra3 41. f3 Nb5 42. Rb1 Na7 43. Rc1 Nc6 44. f4 f5 45. Ke2 Na7 46. Kd3 Nb5 47. Ke2 Ra2 48. Kd3 Nc3 49. Re1 Bh4 50. Rg1 Bg3 51. Nf1 Bf2 52. Bxf2 Rxf2 53. Ke3 Rb2 54. Nd2 Ne4 55. Nxe4 dxe4 56. Ra1 Rxb3+ 57. Kf2 Rc3 58. Ra7+ Rc7 59. Ra1 b3 60. Ke1 b2 0-1

[Event "Senta op 22nd"]
[Site "Senta"]
[Date "2018.07.20"]
[Round "8"]
[White "Liu, Xi"]
[Black "Simonyi, Zoltan"]
[Result "1/2-1/2"]
[WhiteElo "2099"]
[BlackElo "2254"]
[PlyCount "120"]
[EventDate "2018.07.14"]
[EventType "swiss"]
[EventRounds "9"]
[EventCountry "SRB"]
[SourceTitle "CBM 185 Extra"]
[Source "ChessBase"]
[SourceDate "2018.07.29"]
[SourceVersion "1"]
[SourceVersionDate "2018.07.29"]
[SourceQuality "1"]

1. e4 e5 2. Bc4 Nf6 3. d3 Nc6 4. Nf3 Be7 5. c3 0-0 6. 0-0 d6 7. b4 Be6 8. Nbd2 Bxc4 9. Nxc4 Re8 10. b5 Nb8 11. Re1 Nbd7 12. Bb2 Bf8 13. Qc2 a6 14. a4 c6 15. bxc6 bxc6 16. Ba3 Qc7 17. Rab1 d5 18. Bxf8 Kxf8 19. Ne3 g6 20. exd5 cxd5 21. Qb3 Rab8 22. Qa3+ Kg7 23. d4 e4 24. Nd2 h5 25. h3 Re6 26. Rxb8 Qxb8 27. Rb1 Rb6 28. Rxb6 Qxb6 29. Qb3 Qxb3 30. Nxb3 Kf8 31. g4 hxg4 32. hxg4 g5 33. Kf1 Ke7 34. Ke2 Kd6 35. Kd2 Kc6 36. Kc2 Ne8 37. Nd2 Nd6 38. Kb3 Nb6 39. Kb4 Nb7 40. a5 Nd7 41. c4 Nf6 42. f3 exf3 43. Nxf3 dxc4 44. Ne5+ Kc7 45. Nxf7 c3 46. Kxc3 Nxa5 47. Nxg5 Nc6 48. Kc4 a5 49. Nf3 Nxg4 50. Nxg4 Nxd4 51. Nxd4 a4 52. Kb4 a3 53. Kxa3 Kd6 54. Kb4 Kd5 55. Kc3 Ke4 56. Kc4 Kf4 57. Nf2 Ke3 58. Nd3 Ke4 59. Nc1 Ke5 60. Kd3 Kd5 1/2-1/2

[Event "Senta op 22nd"]
[Site "Senta"]
[Date "2018.07.16"]
[Round "4"]
[White "Liu, Xi"]
[Black "Vranic, Ljubomir"]
[Result "1-0"]
[WhiteElo "2099"]
[BlackElo "2236"]
[PlyCount "131"]
[EventDate "2018.07.14"]
[EventType "swiss"]
[EventRounds "9"]
[EventCountry "SRB"]
[SourceTitle "CBM 185 Extra"]
[Source "ChessBase"]
[SourceDate "2018.07.29"]
[SourceVersion "1"]
[SourceVersionDate "2018.07.29"]
[SourceQuality "1"]

1. e4 d6 2. d4 Nf6 3. f3 Nbd7 4. Be3 e5 5. d5 Be7 6. c4 0-0 7. Nc3 Ne8 8. Nge2 Bg5 9. Bf2 a5 10. Ng3 g6 11. Bd3 b6 12. a3 Nc5 13. Bc2 Bd7 14. b4 Nb7 15. 0-0 Ng7 16. Re1 Qe7 17. Qd3 Ra7 18. Bb3 Rfa8 19. Rab1 axb4 20. axb4 Qe8 21. Qc2 Ra3 22. Qb2 R8a7 23. Ra1 Rxa1 24. Rxa1 Qa8 25. Rd1 Kf8 26. Nge2 Nh5 27. Rf1 Ke8 28. Qc2 Kd8 29. Qb2 Kc8 30. Rd1 Kd8 31. g3 Ra3 32. Kg2 Ra6 33. Bg1 Qc8 34. Bf2 Ra7 35. Re1 Ra8 36. Ng1 Qb8 37. Nh3 Bh6 38. Ra1 Ke8 39. Ra2 Qc8 40. Ng1 Bg5 41. Qa1 Rxa2 42. Qxa2 Qb8 43. Ba4 Nf6 44. Nge2 Bh6 45. Bc6 Nd8 46. Bxd7+ Nxd7 47. Qa4 Ke7 48. Nb5 f6 49. Na7 Bf8 50. Nc6+ Nxc6 51. dxc6 b5 52. cxb5 Nb6 53. Qa6 d5 54. Qb7 Nd7 55. Qxb8 Nxb8 56. Ba7 Nxc6 57. bxc6 Ke6 58. Bc5 Bh6 59. Nc3 dxe4 60. fxe4 f5 61. Kf3 Bg5 62. Nd5 Bd8 63. b5 g5 64. b6 g4+ 65. Ke2 cxb6 66. c7 1-0